Evangelio y vida militante

Guardat en:
Dades bibliogràfiques
Format: Llibre
Idioma:espanyol
Publicat: Madrid Editorial Popular 1964
Edició:9a. ed
Col·lecció:BibliiografíaJocista
Matèries:
Etiquetes: Afegir etiqueta
Sense etiquetes, Sigues el primer a etiquetar aquest registre!

MARC

LEADER 00000cam a2200000 a 4500
001 UCD4715
003 CL-VaPUC
008 160717e19640501sp |||||||||||||||||spa|d
082 0 4 |a 225  |b EVA  |2 21 
245 1 0 |a Evangelio y vida militante 
250 |a 9a. ed 
300 |a 175 p 
942 |c BK 
945 |d 20160717 19:54:00  |a arojas 
260 |a Madrid  |b Editorial Popular  |c 1964 
650 7 |a EVANGELIO  |2 CL-VaPUC  |9 368586 
650 0 |a Militares   |9 336881 
650 0 |a Vida religiosa  |9 257284 
650 0 |a Nuevo testamento  |9 257604 
583 |a last modification  |c 20160717 19:54:00  |k Rodrigo Vera 
490 0 |a BibliiografíaJocista 
999 |c 365568  |d 365566 
952 |0 0  |1 0  |3 erb  |4 0  |6 225_000000000000000_EVA_1964  |7 0  |8 P  |9 479451  |a BIBTEO  |b BIBTES  |c TEO_FTES  |e Villagrán Garnham, Jorge  |i 5316693  |o 225 EVA 1964  |p 5316693  |r 2024-01-18  |w 2019-11-24  |y BK  |z Catalogado en:20160717  |k ICR